Márai Sándor Miskolcon

Bibliographic Details
Main Author: Hideg, Ágnes (Author)
Format: Article
Language:Hungarian
PhysicalDescription:Fotogr.
ISSN:1335-6410
Subjects:

MARC

LEADER 00000nab a2200000 a 4500
001 vtls010691711
003 SK-MaSNL
005 20260318123808.0
008 150710c2015 xo qrzp 0 0hun
015 |a SNBRB2015/07  |2 rvgkpd 
038 |a RVGKPD 
040 |a RVGKPD  |b slo  |c RVGKPD  |e AACR2 
041 0 |a hun 
044 |a xo  |c SK 
080 |a 929 Márai, Sándor  |2 2008 
100 1 |a Hideg, Ágnes  |4 aut  |9 758104 
245 1 0 |a Márai Sándor Miskolcon  |c Hideg Ágnes 
300 |b Fotogr. 
504 |a Lit., pozn. 
600 1 7 |a Márai, Sándor,  |d 1900-1989  |2 rvgkpd  |9 87418 
651 7 |a Košice (Slovensko)  |2 rvgkpd  |9 18694 
651 7 |a Miškovec (Maďarsko)  |2 rvgkpd  |9 29500 
773 0 |t Gömörország  |g Évf. XVI, sz. 2 (2015), o. 30-31  |x 1335-6410 
852 |a RVGKPD  |b KIS3G 
958 |a BX 
958 |a SK 
958 |a HU 
992 |a RBX 
999 |c 2658970  |d 2660900